00881nab a22001937a 4500003000400000005001700004008004100021040000700062100002200069245005900091300001500150500003700165505010200202505016700304650002300471650001400494650002900508773015000537OSt20260101193842.0190514b xxu||||| |||| 00| 0 spa d cPJ aFeierherd, Julia 10aCapacidad progresiva ¿con apoyos? /cJulia Feierherd. ap. 129-134 aCita: TR LALEY AR/DOC/3258/2024. aSumario: I. Introducción.— II. El fallo.— III. Análisis del fallo.— IV. Conclusión.  aFallo comentado: CCiv., Com., Lab. y Minería, de Neuquén Sala III ~ 26/06/2024 ~ N. V. J. G. s/ medida de protección excepcional de niños y adolescentes. 0aDERECHO DE FAMILIA 0aCAPACIDAD 0aJURISPRUDENCIA APLICABLE0 02844dBuenos Aires : AbeledoPerrot, 1989-tDerecho de familia. Revista Interdisciplinaria de doctrina y jurisprudencia. Febrero 2025-I.z18511201